GLOBAL CURSE OF THE FEDERAL RESERVE HOW (Record no. 27335)

MARC details
000 -LEADER
fixed length control field 00357nam a2200133Ia 4500
008 - FIXED-LENGTH DATA ELEMENTS--GENERAL INFORMATION
fixed length control field 240624s9999 xx 000 0 und d
041 ## - LANGUAGE CODE
Language code of text/sound track or separate title eng
082 ## - DEWEY DECIMAL CLASSIFICATION NUMBER
Classification number 339.5 BRO
100 ## - MAIN ENTRY--PERSONAL NAME
Personal name BROWN BRENDAN
245 ## - TITLE STATEMENT
Title GLOBAL CURSE OF THE FEDERAL RESERVE HOW
260 ## - PUBLICATION, DISTRIBUTION, ETC.
Date of publication, distribution, etc. 2013
Place of publication, distribution, etc. New York
Name of publisher, distributor, etc. Palgrave Macmillan
300 ## - PHYSICAL DESCRIPTION
Extent xi, : 228 : p. : cm. ; 21
365 ## - TRADE PRICE
Currency code GBP
Price amount 50
Holdings
Withdrawn status Lost status Damaged status Not for loan Home library Current library Shelving location Date acquired Source of acquisition Cost, normal purchase price Full call number Barcode Date last seen Copy number Price effective from Koha item type
        IMTN IMTN Rack 14-B 04/25/2016 BKI 21.99 339.5 BRO 27335 06/24/2024 100.9 06/24/2024 Books
Designed & Maintained by: LRC IMT Nagpur Contact: lrc@imtnag.ac.in© 2024. All Rights Reserved.